Elder Scrolls Tamriel Map - Statistics

General Stats
  • This quiz has been taken 2,262 times
  • The average score is 7 of 9
Answers on the Map
Answers color-coded by a green-red scale on the quiz's map according to % correct below.
 
Answer Stats
Province % Correct
Skyrim
99%
Morrowind
93%
Cyrodiil
89%
Hammerfell
83%
Black Marsh
81%
High Rock
80%
Summerset Isles
76%
Elsweyr
71%
Valenwood
68%
No matching quizzes found
Score Distribution
Percent of People with Each Score
Percentile by Number Answered
Your Score History
You have not taken this quiz